[Event "UZB-ch Men 2021"]
[Site "Tashkent"]
[Date "2021.04.28"]
[Round "12.4"]
[White "Vakhidov, Jakhongir"]
[Black "Yakubboev, Nodirbek"]
[Result "1-0"]
[WhiteElo "2533"]
[BlackElo "2605"]
[Annotator "TA"]
[PlyCount "111"]
[EventDate "2021.04.17"]
[EventType "tourn"]
[EventCountry "UZB"]
[SourceTitle "playchess.com"]
[Source "ChessBase"]
[SourceQuality "1"]

{[%evp 10,111,22,13,26,0,5,1,15,15,8,0,7,0,0,0,0,13,6,0,13,0,40,31,33,35,45,40,46,35,44,21,48,49,52,46,63,47,67,67,67,47,48,9,12,0,0,0,36,17,59,59,59,59,106,106,106,107,107,107,134,107,107,107,116,80,94,16,56,56,56,56,39,49,102,98,103,53,117,122,119,56,56,56,63,56,293,286,59,57,641,629,614,590,589,584,654,619,1102,1049,1287,941,787,737]} 1. c4 Nf6 2. Nc3 e6 3. e4 d5 4. cxd5 exd5 5. e5 Ne4 6. Nf3 Bf5 {A18: English Opening: Flohr-Mikenas System (1 c4 Nf6 2 Nc3 e6 3 e4).} 7. d3 (7. Be2 {is interesting.} d4 8. Nxe4 Bxe4 9. Bc4 Nc6 10. O-O) 7... Nxc3 8. bxc3 c5 {The position is equal.} 9. d4 c4 10. a4 Nc6 {[%cal Bb8c6,Bc6a5,Ba5b3][%mdl 32]} 11. Be2 Be7 12. O-O O-O 13. Ne1 f6 14. exf6 Bxf6 15. Nc2 Na5 16. Ba3 {[#]} Re8 $146 ({Predecessor:} 16... Be7 17. Ne3 Bxa3 18. Rxa3 Be6 19. Ra2 Qd6 20. Re1 Rae8 21. Bf3 Bf7 22. g3 a6 {1-0 (57) Le,Q (2714)-Xu,Y (2536) Makati 2018}) 17. Ne3 Be6 18. Bh5 g6 19. Bg4 Bf7 20. Bh3 Nb3 21. Ra2 h5 22. Qf3 Bg5 23. g3 Qf6 24. Qxf6 Bxf6 25. Bg2 Rad8 26. Re2 Re6 27. Rfe1 Ra6 28. Nc2 Rd7 29. h4 Kg7 30. Bh3 $36 {[%mdl 2048] White has some pressure.} Rc7 31. Kg2 Rxa4 32. Bd6 $1 {[%cal Rd6c7]} Rc6 {[#]} 33. Bd7 $1 {[%mdl 64] Skewer} Rxd6 34. Bxa4 Na5 35. Nb4 a6 36. Be8 Bg8 37. f4 Nb3 38. Ba4 (38. Nc2 $16) 38... b5 39. Bxb3 a5 $1 {[%cal Ra5b4] [#]} 40. Bxc4 $1 {Hoping for Nxd5.} axb4 (40... dxc4 41. Nc2) 41. Bxb5 Rb6 {[#]} (41... bxc3 $14 42. Rd1 Be6) 42. Bd3 $1 $16 {Strongly threatening Rb1.} ({And not} 42. cxb4 Rxb5 43. Rc2 Rb7 $15) 42... bxc3 43. Re8 Bxd4 (43... Rb2+ $14 44. R1e2 Bxd4) 44. R1e7+ Bf7 45. Rc8 (45. Rc7 $16) 45... Rb2+ 46. Kf1 {Threatens to win with Rcc7.} Kf6 $1 {[%cal Rf6e7]} 47. Rd7 Ke6 $2 {[#]} ({Black should play} 47... Rf2+ $14 48. Ke1 Rd2) 48. Rdc7 $1 $18 Rf2+ 49. Ke1 Rf3 $2 {[%mdl 8192]} (49... Rd2 $14 50. Rc6+ Ke7) 50. Rc6+ {White is clearly winning.} Ke7 51. R8c7+ Kf8 52. Bxg6 Re3+ 53. Kd1 Be6 54. f5 Rd3+ 55. Kc2 Rd2+ 56. Kc1 {Weighted Error Value: White=0.10/Black=0.35} 1-0

[Event "UZB-ch Men 2021"]
[Site "Tashkent"]
[Date "2021.04.28"]
[Round "12.5"]
[White "Vokhidov, Shamsiddin"]
[Black "Madaminov, Mukhiddin"]
[Result "1-0"]
[WhiteElo "2529"]
[BlackElo "2258"]
[Annotator "TA"]
[PlyCount "175"]
[EventDate "2021.04.17"]
[EventType "tourn"]
[EventCountry "UZB"]
[SourceTitle "playchess.com"]
[Source "ChessBase"]
[SourceQuality "1"]

{[%evp 17,175,0,0,0,0,0,0,0,12,8,13,11,9,0,0,0,0,8,16,0,0,-16,0,0,30,2,3,-31,-18,-25,-17,-13,-22,-17,54,0,0,0,0,0,6,3,66,0,72,72,71,71,72,70,73,0,0,0,0,0,17,0,219,208,210,198,181,71,78,83,82,79,72,57,65,64,68,0,0,0,0,0,0,0,70,63,70,53,54,65,60,0,0,0,34,41,34,1,12,5,9,20,64,0,0,0,0,0,0,2,169,115,243,252,213,206,272,263,384,384,369,340,313,329,291,273,848,836,2311,10099,5005,6266,12839,1038,29962,7126,29971,29973,29976,29977,29976,29975,29975,29976,29976,29976,29974,29977,29976,29977,29977,29978,29977,29979,29983,29984,29984,29985,29986,29986,29985,29987,29985,29986]} 1. e4 e5 2. Nf3 Nc6 3. Bc4 Bc5 4. c3 Nf6 5. d4 exd4 6. e5 d5 7. Bb5 Ne4 8. cxd4 Bb6 9. Nc3 O-O 10. Be3 {C54: Giuoco Piano: 4 c3 Nf6, main lines with 5 d4 and 5 d3.} Bg4 11. h3 Bh5 12. Qc2 {The position is equal.} Bg6 13. Qb3 Ne7 14. Nh4 c6 15. Nxg6 Nxg6 16. Bd3 Nxc3 17. bxc3 f6 18. exf6 Qxf6 19. Qc2 {[#]} Bc7 $146 ({Predecessor:} 19... Rac8 20. O-O Bc7 21. g3 Rce8 22. Rae1 Qd6 23. f4 Re7 24. Bc1 Rfe8 25. Re5 Nf8 {1-0 (53) Antal,G (2534)-Molchanov,A (2357) Budapest 2018}) 20. h4 Rfe8 21. h5 Nf8 22. Rh3 Bf4 23. O-O-O Bxe3+ 24. fxe3 Qh6 25. Qf2 c5 (25... Ne6 $11) 26. Kb1 (26. Rf1 Ne6 $11) (26. dxc5 $14 Rad8 27. Bc2 (27. Rf1 Ne6 $11)) 26... c4 27. Bc2 Ne6 $1 28. Rf3 Ng5 29. Rf5 Rad8 (29... Ne4 $11 30. Bxe4 Rxe4) 30. Ka1 (30. Rf1 $14) 30... Ne4 (30... Rf8 $11 {keeps the balance.}) 31. Bxe4 $16 Rxe4 32. Rf1 {Threatening mate with Rf8+.} Qd6 33. Rf7 {Hoping for h6.} ({Much worse is} 33. Rg5 $6 Qe7 $11) 33... h6 {[#]} 34. Rxb7 ({Better is} 34. Rxg7+ $1 $16 Kxg7 35. Qf7+ Kh8 36. Rf6) 34... Re7 $11 35. Rxe7 $40 {[%mdl 128] Black needs to defend precisely.} Qxe7 {[%mdl 4096] Endgame KQR-KQR} 36. g4 Rd6 37. Rb1 (37. Qe2 {seems wilder.} Re6 38. Qf3 Rd6 39. Re1 Qh4 40. Rb1) 37... Rf6 $2 (37... Rd8 $11 {and Black is okay.}) 38. Rb8+ $18 Kf7 39. Qg2 Qd7 40. e4 (40. Qh1 $18 {and White stays clearly on top.}) 40... Qc7 $16 {[#]} 41. e5 $1 Qxb8 42. exf6 {KQ-KQ} Qf4 {[%cal Rf4c1]} 43. Qxd5+ Kxf6 {[%cal Rf4c1]} 44. Qd8+ $1 Kf7 {[%cal Rf4c1]} 45. Qd7+ (45. Kb1 $1 $14) 45... Kf6 $11 {[%cal Rf4c1]} 46. Kb1 (46. Qd8+ {is interesting.}) 46... Qb8+ 47. Ka1 Qf4 {[%cal Rf4c1]} 48. Qd8+ (48. Qc6+ $11 Kg5 49. Qc5+ Kxg4 50. Kb1) 48... Kf7 $14 {[%cal Rf4c1]} 49. Kb1 Qxg4 50. Qc7+ Kf6 51. Qxc4 Qxh5 52. Qc6+ ({White should play} 52. Qa6+ $14 Kg5 53. Qxa7 Qd1+ 54. Kb2 Qd2+ 55. Kb3 Qd1+ 56. Kc4 Qf1+ 57. Kc5 Qf5+ 58. Kb6 Qg6+ 59. Kb5) 52... Kg5 $11 53. d5 (53. Qb5+ {with more complications.} Kg6 54. Qa6+ Kh7 55. Qxa7 Qg6+ 56. Kb2) 53... Qh1+ (53... Qf3 {feels hotter.} 54. c4 Qd3+ 55. Kb2 a5 56. Qc7 Kg6) 54. Kb2 h5 55. Qc5 Qh2+ 56. Kb3 Qe5 57. Kb4 Kf6 58. Qf8+ (58. d6 $1 $14 Qe4+ 59. c4) 58... Kg6 59. d6 a5+ 60. Kc4 {Qd8 is the strong threat.} h4 $1 61. Qd8 Qe4+ $2 {White stays focused until the end.} (61... Qf6 $1 $11 62. Qc7 Qf4+ 63. Kb5 h3) 62. Kb5 (62. Kc5 $18 {Black must now prevent d7.} Qe5+ 63. Kb6) 62... Qd5+ (62... h3 $16 63. d7 Qd5+ 64. Ka6 Qd3+ 65. Ka7 h2) 63. Kb6 $18 {Threatens to win with d7.} h3 {And now ...h2 would win.} 64. d7 {aiming for Qe8+.} Qd6+ 65. Ka7 {Strongly threatening Qe8+.} Qc5+ (65... h2 {might work better.}) 66. Qb6+ Qxb6+ 67. Kxb6 {K3P-K3P} h2 68. d8=Q {Intending Qd6+ and mate.} (68. Kxa5 h1=Q $16) 68... h1=Q {[#] KQ-KQ} 69. Qd3+ $1 (69. Kxa5 Qa1 $16) 69... Kf6 $2 {[#]} (69... Kh6 70. c4 (70. Kxa5 Qa8+ 71. Kb6 Qb8+ 72. Kc6 Qa8+ 73. Kb6 Qb8+ 74. Kc6 Qa8+ 75. Kb6 $11) 70... g5) 70. c4 $1 {[%cal Rc4c5]} g5 71. c5 Qg1 72. Kb5 Qe1 73. Qd6+ (73. Qd4+ $142 Ke6 74. c6 Qb1+ 75. Ka6) 73... Kf7 74. Qd5+ Kf6 75. c6 {White mates.} Qb4+ 76. Ka6 Qb8 77. Qd4+ Kg6 78. Qd3+ Kh6 79. Qh3+ Kg6 80. Qe6+ Kh5 81. Qf7+ Kh4 82. c7 Qc8+ 83. Ka7 a4 84. Qh7+ Kg4 85. Qe4+ {[%mdl 64] Double Attack} Kh5 86. Qb7 Qf5 87. c8=Q Qa5+ 88. Qa6 {[%cal Rc8h3] Weighted Error Value: White=0.13/Black=0.17} 1-0

[Event "UZB-ch Men 2021"]
[Site "Tashkent"]
[Date "2021.04.28"]
[Round "12.6"]
[White "Abdurakhmonov, Mukhammadali"]
[Black "Rakhmatullaev, Almas"]
[Result "1-0"]
[WhiteElo "2284"]
[BlackElo "2190"]
[Annotator "TA"]
[PlyCount "125"]
[EventDate "2021.04.17"]
[EventType "tourn"]
[EventCountry "UZB"]
[SourceTitle "playchess.com"]
[Source "ChessBase"]
[SourceQuality "1"]

{[%evp 11,125,19,22,-6,12,-11,45,33,59,70,72,41,58,65,58,49,43,-14,23,7,18,0,0,0,0,0,0,-12,-16,-12,-17,-23,0,0,25,0,0,-16,22,3,22,24,21,18,66,62,66,65,72,69,116,125,247,259,263,261,495,83,87,89,72,75,75,77,79,88,72,85,76,83,91,95,104,95,100,102,96,96,97,82,105,112,110,100,409,374,303,5,8,0,0,0,83,86,100,100,171,168,783,783,4159,4159,29942,11892,4159,4159,29961,4141,29948,11888,29962,29961,29971,29972,29970,4159]} 1. e4 e5 2. Nf3 Nc6 3. Bb5 a6 4. Ba4 Nf6 5. d3 Bc5 6. Bxc6 dxc6 7. b3 {[#] C77: Ruy Lopez: 3...a6 4 Ba4 Nf6, unusual lines.} O-O $146 ({Predecessor:} 7... Bg4 8. Bb2 Qe7 9. Nbd2 Nd7 10. Nc4 O-O-O 11. Ne3 Bxe3 12. fxe3 Nc5 13. h3 Bh5 14. g4 Bg6 {½-½ (113) Healey,M (2165)-Brokalakis Gounaris,C (1791) Heraklion 2017}) 8. Bb2 Ng4 ({Black should play} 8... Re8 $11) 9. O-O $14 {White is slightly better.} f5 {White must now prevent ...fxe4.} 10. Nbd2 Bd4 11. Nxd4 exd4 12. h3 Ne5 13. f4 Ng6 14. e5 (14. Ba3 $14 Rf6 15. e5) 14... Be6 15. b4 {next Nf3 is good for White.} a5 16. a3 b6 17. Nf3 c5 18. bxc5 bxc5 19. Qd2 a4 20. Rac1 Rb8 21. c3 {[%cal Rc3d4]} dxc3 22. Rxc3 Rb3 23. Rxb3 axb3 24. Qe3 Qd5 25. Rc1 Rd8 26. Ne1 {[%cal Bf3e1,Be1d3,Bd3b4][%mdl 32]} Qb7 27. Rxc5 Qb6 28. d4 $1 Bd5 29. Nd3 Be4 30. Nb4 Nh4 31. Qxb3+ Kh8 (31... Kf8 $16 {was necessary.}) 32. Qf7 $18 {Strongly threatening e6.} Qh6 33. Rxc7 {Threatens to win with e6.} ({Weaker is} 33. Qxc7 Rg8 $17) 33... Nxg2 $2 (33... Ng6 34. Bc1 Rf8) 34. Qd7 $2 Rg8 $16 35. Rc8 {Rxg8+ would kill now.} Qg6 36. Rxg8+ Kxg8 37. Qc8+ Kf7 38. e6+ $1 {[%mdl 64] Decoy} Qxe6 39. Qxe6+ Kxe6 {[%mdl 4096] Endgame KBN-KBN} 40. d5+ {[%mdl 64] Discovered Attack} Kf7 41. Be5 {Hoping for Kf2.} Ne3 42. d6 $1 Nc4 43. a4 {[%cal Ba3a4,Ba4a5][%mdl 32]} Ke8 44. Na6 Bc6 45. Nc5 g5 46. Kf2 h5 47. a5 $1 g4 $2 {[%mdl 8192]} (47... gxf4 $16 {is more resistant.} 48. Bxf4 Nxa5) 48. hxg4 fxg4 49. Kg3 $2 ({Only move:} 49. a6 $1 $18) 49... Nxa5 $11 50. f5 Nc4 51. Bf4 {Black should prevent Kh4.} Nb6 (51... Bd7 $11 {keeps the balance.}) 52. Kh4 $1 $16 Nd7 53. Ne6 Nf6 (53... Be4 $16) 54. Kg5 $1 $18 {[%cal Rg5f6]} Ne4+ {[#]} (54... Nd7 55. Kxh5 Bf3) 55. Kg6 $1 Bd7 56. Nc7+ Kf8 {[#]} 57. f6 $1 Nxf6 58. Kxf6 h4 59. Bh6+ Kg8 60. Bg5 h3 61. Bf4 {White mates.} Kf8 62. Bg3 Bc8 63. Na8 {Weighted Error Value: White=0.34/Black=0.70} 1-0

[Event "UZB-ch Men 2021"]
[Site "Tashkent"]
[Date "2021.04.29"]
[Round "13.1"]
[White "Madaminov, Mukhiddin"]
[Black "Abdurakhmonov, Mukhammadali"]
[Result "1-0"]
[WhiteElo "2258"]
[BlackElo "2284"]
[Annotator "TA"]
[PlyCount "71"]
[EventDate "2021.04.17"]
[EventType "tourn"]
[EventCountry "UZB"]
[SourceTitle "playchess.com"]
[Source "ChessBase"]
[SourceQuality "1"]

{[%evp 27,71,39,47,39,65,37,50,41,46,37,64,51,82,42,102,102,97,117,106,94,151,142,225,234,200,218,722,718,701,448,762,766,754,725,625,616,29985,29986,29986,29987,29990,29990,29990,29988,29990,29991]} 1. e4 {RR} c5 2. Nf3 e6 3. d4 cxd4 4. Nxd4 a6 5. c4 Nf6 6. Nc3 Qc7 7. Be3 b6 8. Bd3 Bb7 9. O-O d6 10. Rc1 Nbd7 11. f3 Be7 12. Qd2 O-O 13. Rfd1 Rac8 14. Bf1 Qb8 15. a3 {A31: Symmetrical English: 2 Nf3 Nf6 3 d4.} Bd8 16. Kh1 Bc7 17. Bg1 {White is slightly better.} Rfe8 {[#]} 18. Re1 $146 ({Predecessor:} 18. Rc2 Ne5 19. b3 Rcd8 20. Qc1 Qa8 21. Rcd2 Rc8 22. Rc2 h6 23. Qb2 Qb8 24. b4 {½-½ (32) Filip,L (2461)-Petre,N (2371) Vaujany 2014 EXT 2017 [RR]}) 18... h5 19. Rcd1 h4 20. b3 Qa8 {White stays focused until the end.} (20... Ne5 $14) 21. Bf2 $16 h3 22. g4 Ne5 23. g5 Nh5 ({Black should try} 23... Nxf3 24. Nxf3 Nxe4 25. Rxe4 (25. Nxe4 Bxe4 26. Rxe4 Qxe4 $16) 25... Bxe4 26. Nxe4 Qxe4) 24. Bxh3 b5 (24... Rcd8 $16 25. Be3 b5) 25. Bg4 $18 ({Don't take} 25. cxb5 $6 Ba5) 25... g6 26. Bxh5 {Strongly threatening f4.} gxh5 $2 (26... bxc4 27. Bg4 d5) 27. g6 fxg6 28. Rg1 {And now Qh6 would win.} Kh7 {[#]} (28... Ba5 $142 29. b4 Kh7 30. bxa5 Rxc4) 29. Rxg6 $3 {[%mdl 512]} Kxg6 30. Rg1+ Ng4 31. Qf4 {[%mdl 64] Bh4 is the strong threat. Pin} Bd8 {intending ...Bg5.} 32. fxg4 {White mates.} h4 33. Be3 Rh8 34. Nxe6 {[%csl Ge4,Gg4][%cal Rf4f5]} Bf6 35. Qf5+ Kf7 36. Rf1 {Weighted Error Value: White=0.15/Black=0.41} 1-0

[Event "UZB-ch Men 2021"]
[Site "Tashkent"]
[Date "2021.04.29"]
[Round "13.2"]
[White "Yakubboev, Nodirbek"]
[Black "Vokhidov, Shamsiddin"]
[Result "1/2-1/2"]
[WhiteElo "2605"]
[BlackElo "2529"]
[Annotator "TA"]
[PlyCount "65"]
[EventDate "2021.04.17"]
[EventType "tourn"]
[EventCountry "UZB"]
[SourceTitle "playchess.com"]
[Source "ChessBase"]
[SourceQuality "1"]

{[%evp 17,65,17,18,13,24,0,0,0,0,0,0,0,0,0,0,0,0,0,50,0,37,-44,-43,-54,-53,-46,-58,-61,-56,-62,-62,-91,0,0,0,0,0,0,0,0,0,0,0,0,0,0,6,13,18,0]} 1. d4 Nf6 2. c4 e6 3. Nf3 b6 4. g3 Ba6 5. b3 Bb4+ 6. Bd2 Be7 7. Bg2 c6 8. Bc3 d5 9. Nbd2 Nbd7 10. e4 {E15: Queen's Indian: 4 g3 sidelines, 4 g3 Ba6 and 4 g3 Bb7 early deviations.} O-O 11. O-O Nxe4 12. Nxe4 dxe4 13. Ne5 Nxe5 14. dxe5 e3 15. fxe3 Qc7 16. Be4 {[#]} Bb7 $146 ({Predecessor:} 16... Rad8 17. Qh5 g6 18. Qh6 Bb7 19. Rf2 b5 20. Bc2 bxc4 21. bxc4 c5 22. Rb1 Rd7 {½-½ (47) Offenborn,H (2318)-Pravec,L (2376) GER email 2016}) 17. Qh5 {[%csl Ge4][%cal Rh5h7]} h6 (17... g6 {feels hotter.} 18. Qf3 Rad8 19. Rac1 a5 20. h4 Rd7) 18. h4 (18. Rf6 $5 {[%cal Rf6h6]} c5 19. Bc2 $11) 18... c5 19. Bxb7 (19. Bc2 $1 $14) 19... Qxb7 $15 20. Rf4 Rad8 21. Raf1 Rd3 22. Be1 {[%cal Rf4f7]} Bd8 $1 23. e4 Qd7 24. Kg2 {[#]} Bc7 ({Black should try} 24... Re3 $1 $17 25. R4f2 Qb7) 25. Rg4 $1 $11 {Threatening mate with Rf6.The position is equal.} Qd4 26. Rf6 $1 {White threatens Rxg7+! and mate.} Qxe5 ({And not} 26... Bxe5 {[#]} 27. Rxg7+ $3 {[%mdl 512]} Kxg7 28. Qxh6+ Kg8 29. Qg5+ Kh8 30. Rh6#) 27. Qxh6 {[%csl Gh6][%cal Rg4g7]} Qxe4+ $1 28. Rxe4 {Intending Rg4! and mate.} gxh6 29. Rxh6 {[%cal Re4g4]} Kg7 30. Rh5 Rg8 31. Rg5+ Kf8 32. Rxg8+ Kxg8 33. g4 {Weighted Error Value: White=0.09/Black=0.11} 1/2-1/2

[Event "UZB-ch Men 2021"]
[Site "Tashkent"]
[Date "2021.04.29"]
[Round "13.3"]
[White "Dzhumaev, Marat"]
[Black "Vakhidov, Jakhongir"]
[Result "1/2-1/2"]
[WhiteElo "2425"]
[BlackElo "2533"]
[Annotator "ChessBase"]
[PlyCount "31"]
[EventDate "2021.04.17"]
[EventType "tourn"]
[EventCountry "UZB"]
[SourceTitle "playchess.com"]
[Source "ChessBase"]
[SourceQuality "1"]
[TimeControl "5400+30"]

1. d4 {[%emt 0:04:57]} Nf6 {[%emt 0:00:01]} 2. c4 {[%emt 0:00:10]} g6 {[%emt 0:00:28]} 3. Nc3 {[%emt 0:00:20]} d5 {[%emt 0:00:36]} 4. cxd5 {[%emt 0:00:38]} Nxd5 {[%emt 0:00:16]} 5. e4 {[%emt 0:00:10]} Nxc3 {[%emt 0:00:37]} 6. bxc3 {[%emt 0:00:09]} Bg7 {[%emt 0:00:35]} 7. Nf3 {[%emt 0:00:54]} c5 {[%emt 0:01:09]} 8. Be3 {[%emt 0:01:37]} Qa5 {[%emt 0:01:14]} 9. Qd2 {[%emt 0:00:26]} O-O {[%emt 0:01:10]} 10. Rc1 {[%emt 0:00:57]} Rd8 {[%emt 0:00:52]} 11. d5 {[%emt 0:00:37]} e6 {[%emt 0:00:59]} 12. Bg5 {[%emt 0:00:29]} Rd6 {[%emt 0:01:06]} 13. Bf4 {[%emt 0:00:56]} Rd8 {[%emt 0:00:45]} 14. Bg5 {[%emt 0:00:24]} Rd6 {[%emt 0:00:35]} 15. Bf4 {[%emt 0:00:13]} Rd8 {[%emt 0:00:27]} 16. Bg5 {[%emt 0:00:07]} 1/2-1/2

[Event "UZB-ch Men 2021"]
[Site "Tashkent"]
[Date "2021.04.29"]
[Round "13.5"]
[White "Shermuhammadov, Samandar"]
[Black "Abdisalimov, Abdimalik"]
[Result "1/2-1/2"]
[WhiteElo "2063"]
[BlackElo "2392"]
[Annotator "ChessBase"]
[PlyCount "60"]
[EventDate "2021.04.17"]
[EventType "tourn"]
[EventCountry "UZB"]
[SourceTitle "playchess.com"]
[Source "ChessBase"]
[SourceQuality "1"]
[TimeControl "5400+30"]

1. e4 {[%emt 0:00:00]} c5 {[%emt 0:00:00]} 2. Nf3 {[%emt 0:00:00]} d6 {[%emt 0:00:00]} 3. Bb5+ {[%emt 0:00:00]} Nd7 {[%emt 0:00:00]} 4. d4 {[%emt 0:00:00]} Ngf6 {[%emt 0:00:01]} 5. Nc3 {[%emt 0:00:47]} a6 {[%emt 0:00:11]} 6. Bxd7+ {[%emt 0:01:09]} Nxd7 {[%emt 0:00:06]} 7. Be3 {[%emt 0:00:11]} b6 {[%emt 0:01:54]} 8. O-O {[%emt 0:01:47]} Bb7 {[%emt 0:01:36]} 9. a4 {[%emt 0:00:07]} cxd4 {[%emt 0:04:16]} 10. Qxd4 {[%emt 0:00:41]} Rc8 {[%emt 0:00:20]} 11. Rfd1 {[%emt 0:01:41]} h6 {[%emt 0:01:22]} 12. Nd2 {[%emt 0:02:08]} Rc6 {[%emt 0:05:02]} 13. Rac1 {[%emt 0:02:25]} Qc8 {[%emt 0:03:49]} 14. Nd5 {[%emt 0:11:05]} e6 {[%emt 0:00:17]} 15. Nb4 {[%emt 0:00:26]} Rc7 {[%emt 0:00:03]} 16. b3 {[%emt 0:01:46]} a5 {[%emt 0:13:44]} 17. Nd3 {[%emt 0:00:31]} e5 {[%emt 0:06:20]} 18. Qb2 {[%emt 0:00:21]} Be7 {[%emt 0:00:04]} 19. f3 {[%emt 0:01:15]} O-O {[%emt 0:00:29]} 20. c4 {[%emt 0:01:18]} f5 {[%emt 0:00:16]} 21. exf5 {[%emt 0:00:06]} Rxf5 {[%emt 0:00:07]} 22. Ne4 {[%emt 0:01:33]} Qe8 {[%emt 0:08:50]} 23. Ndf2 {[%emt 0:03:57]} Qg6 {[%emt 0:00:57]} 24. Ng3 {[%emt 0:02:26]} Rf6 {[%emt 0:03:10]} 25. Nfe4 {[%emt 0:03:43]} Re6 {[%emt 0:06:05]} 26. Nc3 {[%emt 0:01:17]} Bh4 {[%emt 0:00:23]} 27. Nd5 {[%emt 0:01:09]} Bxd5 {[%emt 0:01:49]} 28. cxd5 {[%emt 0:00:14]} Rxc1 {[%emt 0:00:04]} 29. Qxc1 {[%emt 0:01:13]} Rf6 {[%emt 0:00:25]} 30. Qc8+ {[%emt 0:01:02]} Nf8 {[%emt 0:43:20]} 1/2-1/2

[Event "UZB-ch Men 2021"]
[Site "Tashkent"]
[Date "2021.04.29"]
[Round "13.6"]
[White "Abdusattorov, Nodirbek"]
[Black "Saydaliev, Saidakbar"]
[Result "1/2-1/2"]
[WhiteElo "2627"]
[BlackElo "2385"]
[Annotator "TA"]
[PlyCount "93"]
[EventDate "2021.04.17"]
[EventType "tourn"]
[EventCountry "UZB"]
[SourceTitle "playchess.com"]
[Source "ChessBase"]
[SourceQuality "1"]

{[%evp 11,93,28,33,12,29,21,13,9,21,-18,-20,-14,24,27,41,37,35,18,18,18,18,0,0,0,0,0,18,8,6,0,0,0,41,42,41,35,41,41,41,41,41,42,43,56,51,8,8,8,8,8,8,4,8,0,0,0,0,0,0,0,0,0,0,0,0,0,0,0,0,0,0,0,0,0,0,0,0,0,0,0,0,0,0,0]} 1. e4 c5 2. Nf3 Nc6 3. Bb5 g6 4. Bxc6 dxc6 5. d3 Bg7 6. h3 e5 7. a3 {B31: Sicilian: 2...Nc6 3 Bb5 g6.} Qe7 8. Nbd2 Nf6 9. b4 Nd7 10. bxc5 Nxc5 11. a4 {[#]} Be6 $146 ({Predecessor:} 11... Ne6 12. Nc4 Nf4 13. Ba3 c5 14. Ne3 O-O 15. h4 f5 16. Nd2 Bd7 17. g3 Bc6 {0-1 (41) Kalevic,S (2260)-Maksimovic,S (2290) Belgrade 1997}) 12. Ba3 b6 13. O-O O-O 14. Nb3 Bxb3 15. cxb3 Rfd8 16. Qc2 Bf8 17. Bxc5 Qxc5 18. Qxc5 Bxc5 19. Nxe5 Rd6 20. Rfd1 Rad8 $1 21. Rac1 {aiming for b4!} f6 {[#]} (21... a5 {seems wilder.} 22. Kf1 f6 23. Ng4 Rxd3 24. Nxf6+ Kf7) 22. Nxc6 Rxc6 23. b4 $1 Bxf2+ 24. Kxf2 Rxc1 25. Rxc1 {Threatens to win with Ke3.} Rxd3 $14 {[%mdl 4096] Endgame KR-KR} 26. Rc8+ Kg7 27. Rc7+ Kh6 28. e5 fxe5 {The position is equal.} 29. Rxa7 Ra3 30. b5 e4 31. h4 g5 32. g3 gxh4 33. gxh4 Kg6 34. Ke2 h5 35. Kd2 Kf5 36. Ra6 e3+ 37. Ke1 Ke4 {[#] ( -> ...Kf3)} (37... Ra2 {looks sharper.} 38. Rxb6 Rxa4 39. Rh6 Rxh4 40. Ke2 Kg5) 38. Rxb6 Rxa4 39. Rf6 Ra1+ (39... Rb4 {is interesting.} 40. b6 Rb2 41. Kf1 Ke5 42. Rh6 Kf4) 40. Ke2 Ra2+ (40... Rb1 {feels hotter.} 41. b6 Rb2+ 42. Kf1 Ke5 43. Rh6 Kf4) 41. Ke1 Ra1+ 42. Ke2 Ra2+ (42... Rb1 {keeps more tension.} 43. b6 Rb2+ 44. Kf1 Ke5 45. Rh6 Kf4) 43. Kf1 Ra1+ 44. Ke2 Ra2+ 45. Kd1 Ra1+ 46. Ke2 Ra2+ 47. Ke1 {Weighted Error Value: White=0.05/Black=0.03} 1/2-1/2